| 000 | 00497nam a2200193Ia 4500 | ||
|---|---|---|---|
| 003 | OSt | ||
| 005 | 20250125102934.0 | ||
| 008 | 231217s9999 xx 000 0 und d | ||
| 020 | _a9788188849375 | ||
| 040 | _c0 | ||
| 041 | _aEnglish | ||
| 082 | _a621.3815324 CHA;14 | ||
| 100 | _aChanna Venkatesh, K. Ganesh Rao, D. | ||
| 245 | 0 | _aNetwork theory : a simplified approach | |
| 260 |
_c2007 _bTechnical Pub. _aBangalore |
||
| 300 | _a591 | ||
| 650 | _aNetwork,simplified | ||
| 942 |
_cAA _2ddc |
||
| 999 |
_c197099 _d197099 |
||